00812 2200265 4500001002100000005001700021020002200038035002500060040001200085082001400097084001400111090001400125100002000139245018400159250001700343260003300360300004200393650001400435850001200449990001700461990001700478990001700495990001700512990001700529YOGYA00000000010126820150216133914.0 a978-602-262-020-4 a0010-031400000000102 aYOPDYOG 2[22]a657 a657 Mar A a657 Mar A aMARISI P. PURBA aAkuntansi keuangan aset tetap dan aset tak berwujud : isu-isu kontemporer terkait pelaporan keuangan aset tetap, aset tak berwujud, aset sewa dan hak atas tanahc/ Marisi P. Purba aEd.1, cet. 1 aYogyakartabGraha Ilmuc2013 aviii,186 hlm.bilus.c23 cm. (5 eks.) aAkuntansi aYOPDYOG a5391-PD/B.14 a5392-PD/B.14 a5393-PD/B.14 a5394-PD/B.14 a5395-PD/B.14